[Event "EU-ch U08 28th"]
[Site "Riga"]
[Date "2018.08.27"]
[Round "3"]
[White "Merkulov, Andrey A"]
[Black "Osipov, Mikhail"]
[Result "1-0"]
[WhiteElo "1235"]
[BlackElo "1133"]
[PlyCount "47"]
[EventDate "2018.08.20"]
[EventType "swiss"]
[EventRounds "9"]
[EventCountry "LAT"]
[SourceTitle "CBM 186 Extra"]
[Source "ChessBase"]
[SourceDate "2018.08.24"]
[SourceVersion "1"]
[SourceVersionDate "2018.08.24"]
[SourceQuality "1"]

1. e4 c5 2. Nf3 d6 3. Bb5+ Bd7 4. Bxd7+ Nxd7 5. b3 Ngf6 6. Nc3 g6 7. Bb2 Bg7 8. d4 cxd4 9. Nxd4 0-0 10. 0-0 Rc8 11. f4 Nb6 12. Qe1 a6 13. Qg3 Nh5 14. Qe3 Nf6 15. f5 Ng4 16. Qd2 Bh6 17. Qd3 Be3+ 18. Kh1 Nf2+ 19. Rxf2 Bxf2 20. Nd1 Bh4 21. fxg6 fxg6 22. Ne6 Qd7 23. Nxf8 Rxf8 24. Ne3 1-0

[Event "EU-ch U08 28th"]
[Site "Riga"]
[Date "2018.08.20"]
[Round "1"]
[White "Cruceru Uceanu, Tudor Mihai"]
[Black "Osipov, Mikhail"]
[Result "1-0"]
[WhiteElo "1257"]
[BlackElo "1133"]
[PlyCount "131"]
[EventDate "2018.08.20"]
[EventType "swiss"]
[EventRounds "9"]
[EventCountry "LAT"]
[SourceTitle "CBM 186 Extra"]
[Source "ChessBase"]
[SourceDate "2018.08.24"]
[SourceVersion "1"]
[SourceVersionDate "2018.08.24"]
[SourceQuality "1"]

1. e4 c5 2. Nf3 d6 3. d4 cxd4 4. Nxd4 Nf6 5. Nc3 g6 6. Be3 Bg7 7. Be2 0-0 8. 0-0 Nc6 9. f3 Bd7 10. Qd2 Rc8 11. Rad1 Re8 12. Rfe1 a6 13. Nb3 Be6 14. Na4 Nd7 15. Nc3 b5 16. a3 Nde5 17. Nd4 Bc4 18. Nxc6 Rxc6 19. Bd4 Bxe2 20. Qxe2 Nc4 21. Bxg7 Kxg7 22. Rb1 Qb6+ 23. Kh1 e6 24. a4 Nxb2 25. Rxb2 Rxc3 26. axb5 axb5 27. Rxb5 Qc6 28. Rb2 Rc8 29. Rc1 e5 30. h3 h5 31. Kh2 g5 32. Qd2 Kg6 33. Qf2 h4 34. Rb6 Qc7 35. Rb2 f6 36. Qd2 Qc5 37. Kh1 Qd4 38. Rd1 Qxd2 39. Rxd2 R8c6 40. Kg1 f5 41. Rd3 Rxc2 42. Rxc2 Rxc2 43. Rxd6+ Kf7 44. exf5 Rc1+ 45. Kh2 Rc4 46. Rg6 Rf4 47. Rxg5 Kf6 48. Rh5 Rxf5 49. Rxf5+ Kxf5 50. Kg1 e4 51. Kf1 e3 52. Ke1 Ke5 53. Ke2 Kf4 54. Kd3 Kg3 55. Kxe3 Kxg2 56. f4 Kxh3 57. f5 Kg2 58. f6 h3 59. f7 h2 60. f8Q h1Q 61. Qf3+ Kh2 62. Qh5+ Kg2 63. Qg4+ Kh2 64. Kf2 Qf3+ 65. Kxf3 Kh1 66. Qg2# 1-0